000
00210 a2200109 4500
001
44142
040
_c
Anchieta - Aquarius
240
1
0
_a
Pé com pé
_l
245
1
0
_a
Pé com pé
650
4
_a
Música
942
_c
MU
999
_c
44142
_d
44142